[Event "EIWCC 2017"]
[Site "Riga"]
[Date "2017.04.19"]
[Round "8"]
[White "Berzina, Ilze"]
[Black "Hoolt, Sarah"]
[Result "1/2-1/2"]
[WhiteElo "2297"]
[BlackElo "2398"]
[Annotator "NA"]
[PlyCount "89"]
[EventDate "2017.??.??"]
[EventType "swiss"]
[EventCountry "LAT"]
[SourceTitle "playchess.com"]
[Source "ChessBase"]
[SourceQuality "1"]
[TimeControl "40/5400+30:1800+30"]

1. d4 {[%emt 0:00:00]} Nf6 {[%emt 0:00:11]} 2. c4 {[%emt 0:00:00]} e6 {[%emt 0:00:05]} 3. Nf3 {[%emt 0:00:00]} Bb4+ {[%emt 0:00:08]} 4. Bd2 {[%emt 0:00:24]} c5 {[%emt 0:00:16]} 5. e3 {[%emt 0:08:31]} O-O {[%emt 0:02:06] LiveBook: 51 Games} 6. Bd3 {[%emt 0:03:06]} Nc6 {[%emt 0:07:06] E11: Bogo-Indian} (6... b6 7. O-O Bb7 8. Nc3 cxd4 9. exd4 d5 10. cxd5 Nxd5 11. Qc2 Nf6 12. Ne4 Bxd2 13. Nxf6+ Qxf6 14. Bxh7+ Kh8 15. Be4 Rc8 16. Qd3 Bxe4 17. Qxe4 Nc6 18. Nxd2 Qxd4 {0-1 (27) Cori Tello,D (2434)-Nakamura,H (2772) Tromsoe 2013}) 7. Nc3 {[%emt 0:06:19]} d5 {[%emt 0:21:20]} 8. a3 {[%emt 0:05:27]} cxd4 {[%emt 0:08:47]} 9. exd4 {[%emt 0:02:02]} dxc4 {[%emt 0:04:09]} 10. Bxc4 {[%emt 0:00:52]} Ba5 {[%emt 0:04:37]} 11. b4 {[%emt 0:11:40]} Bb6 {[%emt 0:02:00]} 12. Be3 {[%emt 0:03:52]} Ng4 $146 {[%emt 0:10:56]} (12... Bd7 13. O-O Rc8 14. Qe2 Qc7 15. Nb5 Nxd4 16. Bxd4 Qxc4 17. Qxc4 Rxc4 18. Bxb6 Bxb5 19. Bxa7 {0-1 (52) Motola,J (1993)-Damia,A (2281) Milan 2012}) 13. Qd3 {[%emt 0:06:38]} Ne7 {[%emt 0:13:09]} 14. Rd1 {[%emt 0:18:10]} Nd5 {[%emt 0:06:14]} 15. O-O {[%emt 0:06:11]} Ngxe3 {[%emt 0:01:44]} 16. fxe3 {[%emt 0:00:06]} Nxc3 {[%emt 0:00:13]} 17. Qxc3 {[%emt 0:00:04]} Bd7 {[%emt 0:00:26]} 18. Ne5 {[%emt 0:01:35]} Ba4 {[%emt 0:06:08]} 19. Rd2 {[%emt 0:02:35]} Rc8 {[%emt 0:01:30]} 20. Qd3 {[%emt 0:00:51]} Qe7 {[%emt 0:01:31]} 21. Qe4 {[%emt 0:08:14]} f5 {[%emt 0:02:26]} 22. Qd3 {[%emt 0:02:40]} Kh8 {[%emt 0:01:41]} 23. Rdf2 {[%emt 0:01:03]} Bc7 {[%emt 0:03:02]} 24. Nf3 {[%emt 0:02:52]} Bc6 {[%emt 0:01:01]} 25. Qb3 {[%emt 0:00:15]} Rce8 {[%emt 0:00:53]} 26. b5 {[%emt 0:01:07]} Bd7 {[%emt 0:04:33]} 27. Qd3 {[%emt 0:03:12]} Rf6 {[%emt 0:01:09]} 28. e4 {[%emt 0:01:20]} Bc8 {[%emt 0:02:36]} 29. Kh1 {[%emt 0:00:29]} fxe4 {[%emt 0:00:52]} 30. Qxe4 {[%emt 0:00:03]} Rf4 {[%emt 0:00:06]} 31. Qe3 {[%emt 0:01:01]} Ref8 {[%emt 0:00:57]} 32. a4 {[%emt 0:04:04]} R4f6 {[%emt 0:01:01]} 33. Ne5 {[%emt 0:00:56]} b6 {[%emt 0:00:29]} 34. Nc6 {[%emt 0:00:37]} Qd6 {[%emt 0:00:09]} 35. g3 {[%emt 0:00:12]} Rxf2 {[%emt 0:00:51]} 36. Rxf2 {[%emt 0:00:01]} Rxf2 {[%emt 0:00:20]} 37. Qxf2 {[%emt 0:00:01]} Bb7 {[%emt 0:00:15]} 38. Qf3 {[%emt 0:00:26]} h6 {[%emt 0:00:45]} 39. Qe4 {[%emt 0:00:30]} e5 {[%emt 0:00:43]} 40. Bd3 {[%emt 0:00:00]} Kg8 {[%emt 0:00:31]} 41. dxe5 $14 {[%emt 0:24:54]} Bxc6 {[%emt 0:06:51]} 42. exd6 {[%emt 0:02:50]} Bxe4+ {[%emt 0:00:31]} 43. Bxe4 {[%emt 0:00:04]} Bxd6 {[%emt 0:00:05]} 44. Bd5+ {[%emt 0:00:33]} Kf8 {[%emt 0:00:06]} 45. Kg2 {[%emt 0:00:21]} 1/2-1/2

[Event "EIWCC 2017"]
[Site "Riga"]
[Date "2017.04.19"]
[Round "8"]
[White "Galojan, Lilit"]
[Black "De Seroux, Camille"]
[Result "1-0"]
[WhiteElo "2290"]
[BlackElo "2122"]
[Annotator "ChessBase"]
[PlyCount "172"]
[EventDate "2017.??.??"]
[EventType "swiss"]
[EventCountry "LAT"]
[SourceTitle "playchess.com"]
[Source "ChessBase"]
[SourceQuality "1"]
[TimeControl "5400+30"]

1. d4 {[%emt 0:00:00]} Nf6 {[%emt 0:00:02]} 2. c4 {[%emt 0:00:00]} g6 {[%emt 0:00:06]} 3. Nc3 {[%emt 0:00:00]} Bg7 {[%emt 0:00:06]} 4. e4 {[%emt 0:00:07]} d6 {[%emt 0:00:05]} 5. h3 {[%emt 0:00:06]} O-O {[%emt 0:00:26]} 6. Be3 {[%emt 0:00:06]} c5 {[%emt 0:02:21]} 7. d5 {[%emt 0:01:39]} e6 {[%emt 0:00:18]} 8. Bd3 {[%emt 0:00:54]} exd5 {[%emt 0:00:42]} 9. cxd5 {[%emt 0:00:39]} a6 {[%emt 0:01:02]} 10. Nf3 {[%emt 0:02:03]} Nbd7 {[%emt 0:02:27]} 11. Qd2 {[%emt 0:07:48]} Re8 {[%emt 0:03:35]} 12. O-O {[%emt 0:14:19]} b5 {[%emt 0:01:21]} 13. a3 {[%emt 0:01:08]} c4 {[%emt 0:02:17]} 14. Bc2 {[%emt 0:02:21]} Qc7 {[%emt 0:00:54]} 15. Bh6 {[%emt 0:06:12]} Bh8 {[%emt 0:03:02]} 16. Ng5 {[%emt 0:08:16]} Nc5 {[%emt 0:11:33]} 17. Qf4 {[%emt 0:03:14]} Nh5 {[%emt 0:10:46]} 18. Qf3 {[%emt 0:04:02]} f6 {[%emt 0:03:00]} 19. g4 {[%emt 0:02:44]} fxg5 {[%emt 0:02:12]} 20. gxh5 {[%emt 0:00:31]} Qf7 {[%emt 0:02:59]} 21. Qg2 {[%emt 0:04:39]} gxh5 {[%emt 0:06:38]} 22. Bxg5 {[%emt 0:02:36]} Qg7 {[%emt 0:02:36]} 23. Kh2 {[%emt 0:08:45]} Qg6 {[%emt 0:04:26]} 24. Bf4 {[%emt 0:03:03]} Be5 {[%emt 0:04:02]} 25. Bxe5 {[%emt 0:03:52]} dxe5 {[%emt 0:03:05]} 26. Rg1 {[%emt 0:03:11]} Kg7 {[%emt 0:02:39]} 27. Bd1 {[%emt 0:01:16]} Kh6 {[%emt 0:02:05]} 28. f3 {[%emt 0:03:02]} Qf6 {[%emt 0:02:37]} 29. Ne2 {[%emt 0:03:31]} Bd7 {[%emt 0:02:02]} 30. Ng3 {[%emt 0:01:34]} Rg8 {[%emt 0:00:46]} 31. Qd2+ {[%emt 0:09:21]} Qf4 {[%emt 0:00:48]} 32. Qxf4+ {[%emt 0:01:02]} exf4 {[%emt 0:00:05]} 33. Ne2 {[%emt 0:00:14]} Rxg1 {[%emt 0:01:28]} 34. Nxg1 {[%emt 0:00:47]} Rf8 {[%emt 0:04:42]} 35. Bc2 {[%emt 0:00:20]} Kg5 {[%emt 0:01:03]} 36. Re1 {[%emt 0:00:55]} Nb7 {[%emt 0:01:25]} 37. Re2 {[%emt 0:00:34]} h6 {[%emt 0:01:04]} 38. Rg2+ {[%emt 0:00:16]} Kf6 {[%emt 0:00:35]} 39. Ne2 {[%emt 0:00:07]} Ke5 {[%emt 0:01:20]} 40. Rg7 {[%emt 0:00:51]} Nc5 {[%emt 0:00:39]} 41. Rg6 {[%emt 0:00:49]} Rh8 {[%emt 0:00:44]} 42. Rg7 {[%emt 0:00:38]} Kf6 {[%emt 0:02:00]} 43. Rg1 {[%emt 0:00:37]} Ke5 {[%emt 0:00:50]} 44. Rg6 {[%emt 0:01:30]} Be8 {[%emt 0:02:17]} 45. Rg1 {[%emt 0:01:17]} Bd7 {[%emt 0:00:08]} 46. Rg7 {[%emt 0:00:45]} Kf6 {[%emt 0:00:12]} 47. Rg1 {[%emt 0:00:32]} Ke5 {[%emt 0:00:05]} 48. Rb1 {[%emt 0:00:35]} Rg8 {[%emt 0:04:22]} 49. b3 {[%emt 0:00:10]} c3 {[%emt 0:01:37]} 50. b4 {[%emt 0:00:17]} Na4 {[%emt 0:00:43]} 51. Bxa4 {[%emt 0:00:12]} bxa4 {[%emt 0:00:05]} 52. h4 {[%emt 0:00:24]} c2 {[%emt 0:04:49]} 53. Rc1 {[%emt 0:00:16]} Rc8 {[%emt 0:00:03]} 54. Kg2 {[%emt 0:00:25]} Bb5 {[%emt 0:00:02]} 55. Kf2 {[%emt 0:01:23]} Rc7 {[%emt 0:01:20]} 56. Ke1 {[%emt 0:00:20]} Bxe2 {[%emt 0:00:44]} 57. Kxe2 {[%emt 0:00:06]} Rc3 {[%emt 0:00:04]} 58. Kd2 {[%emt 0:00:23]} Rxf3 {[%emt 0:00:03]} 59. Kxc2 {[%emt 0:00:28]} Rxa3 {[%emt 0:00:55]} 60. Re1 {[%emt 0:00:43]} Rh3 {[%emt 0:00:43]} 61. Rd1 {[%emt 0:00:41]} Kd6 {[%emt 0:02:48]} 62. e5+ {[%emt 0:00:17]} Kd7 {[%emt 0:00:27]} 63. d6 {[%emt 0:00:07]} Re3 {[%emt 0:00:37]} 64. Rd5 {[%emt 0:00:30]} f3 {[%emt 0:00:44]} 65. Rc5 {[%emt 0:00:09]} f2 66. Rc7+ {[%emt 0:00:10]} Kd8 {[%emt 0:01:15]} 67. Rf7 {[%emt 0:00:16]} Rxe5 {[%emt 0:00:04]} 68. Rxf2 {[%emt 0:00:15]} Kd7 {[%emt 0:00:24]} 69. Kb2 {[%emt 0:00:37]} a5 {[%emt 0:01:32]} 70. bxa5 {[%emt 0:00:27]} Rxa5 {[%emt 0:00:03]} 71. Ka3 {[%emt 0:00:06]} Rd5 {[%emt 0:00:47]} 72. Rf4 {[%emt 0:00:57]} Ke6 {[%emt 0:00:41]} 73. Kxa4 {[%emt 0:00:43]} Rxd6 {[%emt 0:00:11]} 74. Kb4 {[%emt 0:00:13]} Rd5 {[%emt 0:00:28]} 75. Kc4 {[%emt 0:00:22]} Rf5 {[%emt 0:00:16]} 76. Re4+ {[%emt 0:00:48]} Kf6 {[%emt 0:00:51]} 77. Kd3 {[%emt 0:00:26]} Rf3+ {[%emt 0:00:16]} 78. Ke2 {[%emt 0:00:09]} Rg3 {[%emt 0:00:11]} 79. Kf2 {[%emt 0:00:18]} Rg4 {[%emt 0:00:11]} 80. Kf3 {[%emt 0:01:43]} Kf5 {[%emt 0:00:24]} 81. Rxg4 {[%emt 0:00:38]} hxg4+ {[%emt 0:00:14]} 82. Kg3 {[%emt 0:00:33]} h5 {[%emt 0:00:02]} 83. Kf2 {[%emt 0:00:10]} Kf4 {[%emt 0:00:11]} 84. Kg2 {[%emt 0:00:11]} g3 {[%emt 0:00:04]} 85. Kg1 {[%emt 0:00:11]} Kg4 {[%emt 0:00:16]} 86. Kg2 {[%emt 0:00:09]} Kxh4 {[%emt 0:00:03]} 1-0

[Event "EIWCC 2017"]
[Site "Riga"]
[Date "2017.04.19"]
[Round "8"]
[White "Fataliyeva, Ulviyya"]
[Black "Javakhishvili, Lela"]
[Result "1-0"]
[WhiteElo "2287"]
[BlackElo "2456"]
[Annotator "TA"]
[PlyCount "125"]
[EventDate "2017.??.??"]
[EventType "swiss"]
[EventCountry "LAT"]
[SourceTitle "playchess.com"]
[Source "ChessBase"]
[SourceQuality "1"]

{[%evp 23,125,0,-4,-61,-43,-47,0,0,0,1,4,0,0,8,30,29,22,20,22,10,40,4,7,15,11,0,24,15,10,25,20,0,0,0,0,0,4,0,17,0,31,13,17,0,0,0,110,112,102,100,128,113,137,95,131,131,131,69,131,120,127,140,161,164,171,178,179,29,19,2,145,10,44,38,378,378,356,375,366,334,303,308,941,939,927,937,930,905,730,701,5081,4952,3457,2785,5097,2337,29986,29987,29987,29988,29988,29989,29989,29989]} 1. e4 e5 2. Nf3 Nc6 3. d4 exd4 4. Nxd4 Nf6 5. Nxc6 bxc6 6. e5 Qe7 7. Qe2 Nd5 8. c4 Nb6 9. Nd2 Qe6 10. b3 a5 11. Bb2 {C45: Scotch Game} a4 12. Qe3 Bb4 {LiveBook: 14 Games} 13. O-O-O $146 ({White should play} 13. Be2 $11) (13. Bd3 d6 14. O-O-O axb3 15. axb3 Ba3 16. exd6 Qxe3 17. fxe3 cxd6 18. Bxa3 Rxa3 {½-½ (70) Yu,Y (2675)-Moradiabadi,E (2586) Tabriz 2014}) 13... axb3 $15 14. axb3 Ba3 15. Bxa3 Rxa3 16. Qc5 Ra1+ 17. Kc2 Rxd1 18. Kxd1 Kd8 19. Bd3 Re8 20. Nf3 h6 21. Re1 Bb7 (21... Qg4 $5 {feels hotter.} 22. Kc2 Bb7 23. Rg1 Qf4 24. b4 f6) 22. h3 (22. Qd4 $5 {looks sharper.} Qe7 23. c5 Nd5 24. Kc2 f6 25. Bg6) 22... Qe7 23. Qxe7+ Kxe7 24. Be4 Ra8 25. Nd4 g6 26. f4 Ra5 27. g4 c5 28. Nc2 Bxe4 29. Rxe4 $11 {[%mdl 4096] Endgame KRN-KRN} Ra8 30. Kd2 Rh8 31. Ne3 c6 32. Nc2 h5 33. g5 Ke6 34. Ne1 {Threatening Nd3.} Ra8 (34... Kf5 $11 35. Re3 Kxf4) 35. Nd3 $16 Ra2+ 36. Kc3 Ra5 37. Re2 Ke7 38. Re1 Ke6 39. f5+ gxf5 40. Nf4+ Ke7 41. Nxh5 Ra2 42. h4 Nc8 43. Ng7 f4 44. h5 Kf8 {[#]} 45. Nf5 (45. h6 $1 $18) 45... Ne7 $1 $11 {[%cal Re7f5]} 46. Nd6 {Black must now prevent Rf1.} Rg2 {[#]} (46... Rh2 $11 {keeps the balance.}) 47. h6 ({Better is} 47. Ne4 $1 $16) 47... Rxg5 48. Ra1 Kg8 $2 {[%mdl 8192]} (48... Rg3+ $14 49. Kd2 Kg8) 49. Ne4 $1 $18 {[%csl LRc5,LRg5]} Rg6 50. Nf6+ ({Weaker is} 50. Nxc5 Rxh6 51. b4 (51. Nxd7 Rh3+ 52. Kd4 Rxb3 $11) 51... Rh3+ 52. Kd4 Rh2 $11) 50... Rxf6 51. exf6 {KR-KN} Ng6 52. Kd3 Kh7 $2 (52... d5 53. cxd5 cxd5) 53. Ke4 Kxh6 54. Kf5 {Intending Rh1+ and mate.} Kh7 55. Rh1+ Kg8 56. Rd1 Nf8 57. Kxf4 Ne6+ 58. Ke5 Nd4 59. Kd6 Nxb3 60. Ke7 {White mates.} Nd4 61. Rg1+ Kh7 62. Kxf7 {[%cal Rg1h1]} Kh6 63. Ke7 1-0

[Event "EIWCC 2017"]
[Site "Riga"]
[Date "2017.04.19"]
[Round "8"]
[White "Unuk, Laura"]
[Black "Michna, Marta"]
[Result "1-0"]
[WhiteElo "2275"]
[BlackElo "2389"]
[Annotator "NA"]
[PlyCount "53"]
[EventDate "2017.??.??"]
[EventType "swiss"]
[EventCountry "LAT"]
[SourceTitle "playchess.com"]
[Source "ChessBase"]
[SourceQuality "1"]
[TimeControl "40/5400+30:1800+30"]

1. d4 {[%emt 0:00:00]} e6 {[%emt 0:00:16]} 2. c4 {[%emt 0:00:00]} b6 {[%emt 0:00:04]} 3. Nf3 {[%emt 0:02:15]} Bb7 {[%emt 0:00:09]} 4. g3 {[%emt 0:00:07]} f5 {[%emt 0:00:16]} 5. Bg2 {[%emt 0:00:34]} Nf6 {[%emt 0:00:06]} 6. O-O {[%emt 0:03:38]} g6 {[%emt 0:00:25]} 7. Nc3 {[%emt 0:01:02]} Bg7 {[%emt 0:00:11] A84: Dutch Defence: 2 c4 Miscellaneous} 8. d5 {[%emt 0:00:30] LiveBook: 22 Games} (8. Bg5 O-O 9. Qd2 d6 10. d5 e5 11. e4 fxe4 12. Bxf6 Bxf6 13. Nxe4 {0-1 (37) Smirnov,A (2429)-Bortnyk,O (2552) Boeblingen 2015}) 8... Na6 {[%emt 0:19:48]} 9. Bf4 {[%emt 0:22:43]} Nc5 {[%emt 0:00:08]} (9... O-O $11) 10. Nb5 {[%emt 0:03:10]} d6 {[%emt 0:08:49]} (10... O-O $16) 11. dxe6 $2 $146 {[%emt 0:03:01]} (11. b4 $18 Na6 (11... Nce4 12. Nfd4 exd5 13. f3 Qe7 14. fxe4 Nxe4 15. Ne6 {1-0 (15) Ausmins,E (2261)-Di Gianni,R (2120) Castellaneta 1999}) 12. dxe6) 11... Nfe4 {[%emt 0:12:35]} 12. Ng5 {[%emt 0:12:10]} a6 {[%emt 0:23:02]} 13. Nf7 {[%emt 0:19:19]} Qe7 {[%emt 0:04:26]} 14. Bxe4 {[%emt 0:10:44]} ({Not} 14. Nxh8 axb5 15. f3 (15. cxb5 $2 Bxb2 16. Nf7 Nxe6 $19) 15... Nf6 $17) 14... Nxe4 {[%emt 0:00:41] [#]} 15. Nxc7+ $1 {[%emt 0:00:10]} ({Inferior is} 15. Nxh8 axb5 16. Nf7 (16. cxb5 $2 Bxh8 17. Qc2 Nc5 $19) 16... Qxe6 $17) 15... Qxc7 {[%emt 0:00:11]} 16. f3 {[%emt 0:00:33]} Qc5+ {[%emt 0:15:25]} 17. e3 {[%emt 0:00:22]} g5 {[%emt 0:03:31]} 18. fxe4 {[%emt 0:01:23]} gxf4 {[%emt 0:00:30]} 19. Nxd6+ {[%emt 0:01:11]} Kf8 {[%emt 0:01:16]} 20. Qh5 $18 {[%emt 0:02:43]} Qc7 {[%emt 0:01:30]} 21. Rxf4 {[%emt 0:01:24]} Kg8 {[%emt 0:00:15]} 22. Rxf5 {[%emt 0:03:30]} Bc6 {[%emt 0:01:48]} 23. Raf1 {[%emt 0:02:15]} Qe7 {[%emt 0:01:38]} 24. Rf7 {[%emt 0:07:05]} Qxe6 {[%emt 0:02:20]} 25. Nf5 {[%emt 0:00:08]} Bf8 {[%emt 0:01:36]} 26. Qg5+ {[%emt 0:00:46]} Qg6 {[%emt 0:00:59]} 27. Rg7+ {[%emt 0:00:11]} 1-0

[Event "EIWCC 2017"]
[Site "Riga"]
[Date "2017.04.19"]
[Round "8"]
[White "Golubenko, Valentina"]
[Black "Chan, Naruna"]
[Result "1-0"]
[WhiteElo "2271"]
[BlackElo "1981"]
[Annotator "ChessBase"]
[PlyCount "128"]
[EventDate "2017.??.??"]
[EventType "swiss"]
[EventCountry "LAT"]
[SourceTitle "playchess.com"]
[Source "ChessBase"]
[SourceQuality "1"]
[TimeControl "40/5400+30:1800+30"]

1. e4 {[%emt 0:00:00]} e5 {[%emt 0:00:07]} 2. Nf3 {[%emt 0:00:00]} Nc6 {[%emt 0:00:05]} 3. Bb5 {[%emt 0:00:00]} a6 {[%emt 0:00:08]} 4. Ba4 {[%emt 0:00:00]} Nf6 {[%emt 0:00:07]} 5. O-O {[%emt 0:00:04]} Be7 {[%emt 0:00:29]} 6. d3 {[%emt 0:00:57]} b5 {[%emt 0:00:43]} 7. Bb3 {[%emt 0:00:05]} d6 {[%emt 0:01:14]} 8. c3 {[%emt 0:01:08]} O-O {[%emt 0:01:01]} 9. Re1 {[%emt 0:00:25]} Na5 {[%emt 0:01:51]} 10. Bc2 {[%emt 0:00:31]} c5 {[%emt 0:00:32]} 11. a4 {[%emt 0:01:08]} Rb8 {[%emt 0:03:48]} 12. axb5 {[%emt 0:01:55]} axb5 {[%emt 0:00:09]} 13. Nbd2 {[%emt 0:04:24]} Qc7 {[%emt 0:05:16]} 14. Nf1 {[%emt 0:03:37]} Bd7 {[%emt 0:18:32]} 15. Ne3 {[%emt 0:03:59]} Rfe8 {[%emt 0:06:55]} 16. h3 {[%emt 0:09:11]} Bf8 {[%emt 0:06:05]} 17. Nh2 {[%emt 0:03:11]} Be6 {[%emt 0:03:29]} 18. Nhg4 {[%emt 0:07:03]} Nxg4 {[%emt 0:02:46]} 19. hxg4 {[%emt 0:00:14]} Nc6 {[%emt 0:03:09]} 20. Bb3 {[%emt 0:14:24]} Qd7 {[%emt 0:02:56]} 21. Bd2 {[%emt 0:09:20]} Ne7 {[%emt 0:08:37]} 22. Bxe6 {[%emt 0:10:08]} Qxe6 {[%emt 0:10:00]} 23. c4 {[%emt 0:09:49]} bxc4 {[%emt 0:01:29]} 24. Nxc4 {[%emt 0:00:12]} Nc6 {[%emt 0:03:14]} 25. Bc3 {[%emt 0:11:07]} d5 {[%emt 0:04:44]} 26. exd5 {[%emt 0:00:14]} Qxd5 {[%emt 0:00:01]} 27. Ne3 {[%emt 0:02:04]} Qd8 {[%emt 0:04:26]} 28. Nc4 {[%emt 0:03:29]} Qd5 {[%emt 0:03:19]} 29. Ne3 {[%emt 0:00:07]} Qd7 {[%emt 0:02:19]} 30. Nc4 {[%emt 0:00:35]} Qc7 {[%emt 0:01:06]} 31. Ra6 {[%emt 0:03:04]} Re6 {[%emt 0:02:02]} 32. Qa4 {[%emt 0:00:32]} Rbe8 {[%emt 0:01:35]} 33. Ne3 {[%emt 0:00:57]} Nd4 {[%emt 0:01:02]} 34. Ra7 {[%emt 0:00:11]} Qd8 {[%emt 0:00:16]} 35. Nf5 {[%emt 0:01:31]} Qf6 {[%emt 0:01:32]} 36. Ng3 {[%emt 0:01:16]} Qg6 {[%emt 0:00:36]} 37. Qd1 {[%emt 0:00:07]} Qg5 {[%emt 0:00:59]} 38. Ne4 {[%emt 0:00:18]} Qg6 {[%emt 0:01:28]} 39. Ng3 {[%emt 0:00:12]} Be7 {[%emt 0:00:42]} 40. Ne4 {[%emt 0:00:00]} Bf8 {[%emt 0:00:43]} 41. Ra5 {[%emt 0:04:50]} Rc6 {[%emt 0:00:56]} 42. Qa4 {[%emt 0:07:47]} Rec8 {[%emt 0:02:54]} 43. Qd1 {[%emt 0:00:57]} Ra6 {[%emt 0:01:12]} 44. Rxa6 {[%emt 0:01:42]} Qxa6 {[%emt 0:00:02]} 45. Ng3 {[%emt 0:01:02]} Qd6 {[%emt 0:03:05]} 46. Qa4 {[%emt 0:00:44]} Qd5 {[%emt 0:01:28]} 47. Qa6 {[%emt 0:01:36]} Rd8 {[%emt 0:07:46]} 48. Qb6 {[%emt 0:01:14]} Rd6 {[%emt 0:01:18]} 49. Qb8 {[%emt 0:00:39]} Nc6 {[%emt 0:01:58]} 50. Qa8 {[%emt 0:04:02]} Rd8 {[%emt 0:05:09]} 51. Qb7 {[%emt 0:00:14]} Rb8 {[%emt 0:00:50]} 52. Rxe5 {[%emt 0:01:34]} Qxe5 {[%emt 0:00:39]} 53. Qxc6 {[%emt 0:00:07]} Qe8 {[%emt 0:02:46]} 54. Qf3 {[%emt 0:00:57]} Ra8 {[%emt 0:00:09]} 55. Ne4 {[%emt 0:00:46]} Ra1+ {[%emt 0:00:53]} 56. Kh2 {[%emt 0:00:03]} Qe6 {[%emt 0:00:42]} 57. g5 {[%emt 0:01:30]} Qg6 {[%emt 0:01:16]} 58. b4 {[%emt 0:01:27]} Ra2 {[%emt 0:01:12]} 59. Nxc5 {[%emt 0:03:00]} h6 {[%emt 0:00:34]} 60. Ne4 {[%emt 0:02:11]} hxg5 {[%emt 0:00:17]} 61. g4 {[%emt 0:00:49]} Bd6+ {[%emt 0:00:54]} 62. Kg2 {[%emt 0:01:30]} Bf4 {[%emt 0:00:10]} 63. Ng3 {[%emt 0:03:00]} Bxg3 {[%emt 0:01:13]} 64. Kxg3 {[%emt 0:00:33]} Ra3 {[%emt 0:00:24]} 1-0

[Event "EIWCC 2017"]
[Site "Riga"]
[Date "2017.04.19"]
[Round "8"]
[White "Mamedjarova, Turkan"]
[Black "Stefanova, Antoaneta"]
[Result "0-1"]
[WhiteElo "2267"]
[BlackElo "2527"]
[Annotator "TA"]
[PlyCount "207"]
[EventDate "2017.??.??"]
[EventType "swiss"]
[EventCountry "LAT"]
[SourceTitle "playchess.com"]
[Source "ChessBase"]
[SourceQuality "1"]

{[%evp 21,207,22,13,16,8,9,27,9,0,-42,-47,-35,-51,-49,0,-45,-8,-10,-16,-40,-11,-5,0,0,0,0,0,0,0,0,0,0,0,0,0,0,0,0,0,0,0,0,0,0,0,0,0,0,0,0,0,0,0,0,0,0,0,0,0,0,0,0,62,66,145,135,144,143,136,138,138,145,135,133,134,0,0,0,0,0,0,0,0,0,0,0,0,0,0,0,0,0,0,0,0,0,0,-40,-40,-50,-29,-33,-29,-44,-44,-45,0,-45,-47,-58,-53,-61,-45,-56,0,0,0,-8,-8,-8,-8,-8,-8,-8,0,-8,-8,-8,0,0,0,-8,-8,-8,0,0,0,0,0,0,0,0,0,-45,-8,-8,-7,-8,0,0,0,0,0,-8,-8,-8,0,-8,0,-8,0,-8,-8,-8,-8,-8,-8,-8,-8,-8,0,-8,0,0,0,-37,-55,-66,-25,-72,-17,-19,-8,-8,0,0,0,-8]} 1. e4 c5 2. Nf3 d6 3. d4 cxd4 4. Nxd4 Nf6 5. Nc3 a6 6. Be3 Ng4 7. Bc1 Nf6 8. f3 e5 9. Nb3 Be6 10. Be3 Nbd7 11. g4 {[%cal Bg2g4,Bg4g5][%mdl 32]} b5 12. g5 {B90: Sicilian Najdorf: Unusual White 6th moves, 6 Be3 Ng4 and 6 Be3 e5} b4 13. Ne2 (13. Nd5 Nxd5 14. exd5 Bf5 15. Bd3 Bxd3 16. Qxd3 Be7 17. h4 O-O 18. a3 bxa3 19. Rxa3 a5 {1-0 (39) Topalov,V (2772)-Wojtaszek,R (2735) Tromsoe 2014}) 13... Ng8 14. h4 {White has an edge.} h6 15. Bg2 $146 (15. Rg1 hxg5 16. hxg5 Ne7 17. f4 g6 18. Qd2 a5 19. O-O-O a4 {1-0 (41) Szelag,M (2469)-Miton,K (2603) Gorzow Wielkopolski 2014}) 15... hxg5 16. hxg5 Rxh1+ 17. Bxh1 Nb6 18. Qd3 Be7 19. f4 Nc4 20. O-O-O $1 Nxe3 21. Qxe3 exf4 22. Nxf4 Bxg5 23. e5 {[#]} d5 $1 {[%mdl 512]} 24. Kb1 (24. Nxd5 Bxd5) 24... Ne7 25. Qf3 Bxf4 $1 26. Qxf4 Qb6 27. Nd4 Kd7 28. Bf3 Rh8 29. Bg4 Rh6 {[%cal Bh8h6,Bh6g6,Bg6g5][%mdl 32]} 30. b3 g5 31. Qxg5 Rg6 $1 {[%cal Rg6g5]} 32. Bxe6+ fxe6 33. Qf4 Qc5 34. Qf1 Qb6 ({Not} 34... Rg4 $2 {[#]} 35. Nxe6 $1 {[%mdl 512]} (35. Qxa6 $2 Rxd4 36. Rxd4 Qxd4 $17) 35... Qc3 36. Nc5+ $1 {[%mdl 512]} Ke8 37. Nxa6 $18) 35. Qh3 Rg5 36. Qe3 Rg4 37. c4 Re4 38. Qd3 Rxe5 {[#]} 39. c5 $1 {[%mdl 512]} Qxc5 40. Qxa6 {And now Qb7+ would win.} Re4 41. Qb7+ Qc7 (41... Ke8 $11 42. Qb8+ Kd7) 42. Qxb4 $14 Ke8 (42... Nc6 $14 43. Qb5 Kd6) 43. Rf1 $16 Rf4 44. Qb5+ Kf7 45. Qe2 Rxf1+ 46. Qxf1+ Ke8 47. Nxe6 Qb6 48. Qf6 (48. Nf4 $16) 48... Qg1+ $1 $11 49. Kb2 Qh2+ $1 50. Kc1 Qg1+ 51. Kd2 Qh2+ 52. Kc3 Qg3+ 53. Kd4 {White threatens Qf8+ and mate.} Qg1+ 54. Kd3 Qd1+ 55. Ke3 d4+ 56. Kf2 $1 Qd2+ 57. Kf1 Qd3+ 58. Kg2 {Qf8+ is the strong threat.} Qe2+ 59. Qf2 Qg4+ {[%mdl 1024] Black has compensation.} (59... Qxe6 $2 60. Qxd4 Qe2+ 61. Kg1 $19) 60. Kh2 Qh5+ 61. Kg2 {Threatens to win with Ng7+.} Qg6+ 62. Kh2 Qh6+ 63. Kg2 Qg6+ 64. Kh2 Qxe6 65. Qxd4 Qe2+ 66. Kg1 Nf5 (66... Qe1+ $2 67. Kg2 $19) 67. Qf4 Ne3 ({Better is} 67... Qe1+ $15 68. Kh2 Qe2+ 69. Kg1 Qe1+ 70. Kh2 Qe2+ 71. Kg1) 68. Qe4+ Kd7 {White must now prevent ...Qe1+.} 69. Qd4+ Kc6 {[%csl Ge3][%cal Re2g2]} 70. Qa4+ Kc5 {[%csl Ge3][%cal Re2g2]} 71. Qa5+ Kd4 {[%csl Ge3][%cal Re2g2]} 72. Qb4+ Kd5 {[%csl Ge3][%cal Re2g2]} 73. Qa5+ Ke4 {[%csl Ge3][%cal Re2g2]} (73... Ke6 $5 74. Qb6+ $8 Kf5 75. Qc5+ Kg4 76. Qd4+ Kh5 77. Qe5+ Kg6 78. Qe6+ Kg7 79. Qe7+ Kh6 80. Qe6+ Kh7 81. Qe7+ Kh6 82. Qe6+ Kh7 83. Qe7+ Kh8 84. Qe8+ Kh7 85. Qe7+ $11) 74. Qb4+ Ke5 {[%csl Ge3][%cal Re2g2]} 75. Qe7+ Kd5 {[%csl Ge3][%cal Re2g2]} 76. Qd7+ Kc5 {[%csl Ge3][%cal Re2g2]} 77. Qe7+ $1 Kc6 {[%csl Ge3][%cal Re2g2]} 78. Qe4+ Kb5 79. Qa4+ Kb6 {[%csl Ge3][%cal Re2g2]} 80. Qd4+ Kc6 {[%csl Ge3][%cal Re2g2]} 81. Qe4+ Kd6 82. Qd4+ Ke6 {[%csl Ge3][%cal Re2g2]} 83. Qe4+ Kf6 84. Qh4+ Kg6 {[%csl Ge3][%cal Re2g2]} 85. Qe4+ Kg5 {( -> ...Qf1+)} 86. Qe5+ Kg4 {[%csl Ge3][%cal Re2g2]} 87. Qe4+ Kg3 {[%csl Gg3][%cal Re2h2]} 88. Qe5+ Kh3 {[%csl Ge3,Gh3][%cal Re2g2]} 89. Qe6+ Kh4 {[%csl Ge3][%cal Re2g2]} 90. Qe4+ Kg3 {[%csl Gg3][%cal Re2h2]} 91. Qe5+ Kf3 {[%csl Ge3,Gf3][%cal Re2g2]} 92. Qf6+ Ke4 {[%csl Ge3][%cal Re2g2]} 93. Qe6+ Kd4 {[%csl Ge3][%cal Re2g2]} 94. Qf6+ Kd5 {[%csl Ge3][%cal Re2g2]} 95. Qf7+ Kc5 {[%csl Ge3][%cal Re2g2]} 96. Qe7+ Kc6 {[%csl Ge3][%cal Re2g2]} 97. Qe4+ Kd6 {Strongly threatening ...Qe1+.} 98. Qd4+ Nd5 99. a4 Ke6 100. Qc4 Qe3+ (100... Qe1+ $17 101. Qf1 Qg3+ 102. Qg2 Qe1+ 103. Qf1 Qg3+ 104. Qg2 Qe1+ 105. Qf1) 101. Kf1 {The position is equal.} Kd6 {next ...Qd2 is good for Black.} 102. Qa6+ Kd7 {aiming for ...Qf4+.} 103. Qb5+ Kd6 {Hoping for ...Qf3+.} 104. Qa6+ 0-1